| 000 | 00536nam a2200145Ia 4500 | ||
|---|---|---|---|
| 008 | 190920s9999 xx 000 0 und d | ||
| 020 | _a9.78142e+012 | ||
| 100 | _aBateman, David | ||
| 245 |
_cDave F. Bateman ; Cline, Jenifer.-- _aA teacher's guide to special education / |
||
| 260 |
_aAlexandria, Virginia : _bASCD _c2016 |
||
| 300 | _a190 pages: | ||
| 500 | _aIncludes references and index | ||
| 650 | _aChildren with disabilities -- Education -- United States. | ||
| 650 | _aSpecial education -- Study and teaching -- United States. | ||
| 999 |
_c362148 _d362148 |
||